00575nam a2200157Ia 4500008004100000100002800041245008900069245002800158260003900186260000900225650001800234650001500252856005800267999001900325952007300344170221s9999 xx 000 0 und d aMiguel A. Aijón-Oliva aGrammatical Choice and Meaning in Media Discourse: The Spanish Periphrastic Passive  cMiguel A. Aijón-Oliva bStudies in Media and Communication c2016 xCommunication xMedia Arts uhttp://redfame.com/journal/index.php/smc/issue/view/6 c309141d309141 001040aCLbCLd2017-02-21l0r2017-02-21 00:00:00w2017-02-21yFOJ